| 000 | 00693nam a2200217 i 4500 | ||
|---|---|---|---|
| 001 | bgj | ||
| 100 | 1 | _aBLAIM, Artur. | |
| 245 | 1 | 0 |
_aThe Adventurous Parable : _bDefoe's "Robinson Crusoe" / _cArtur Blaim. |
| 260 |
_aGdańsk : _bWydawnictwo Gdańskie, _c1994. |
||
| 300 |
_a61 pp ; _c20 cm. |
||
| 490 | 1 | _aInterpretations of British Literature | |
| 600 | 1 | 9 |
_aDefoe Daniel _t"Robinson Crusoe" |
| 650 | 9 |
_a[English literature _xCriticism and interpretations _y18th century |
|
| 830 | _aInterpretations of British Literature | ||
| 020 | _a8385843280 (pbk) | ||
| 040 | _cBPK | ||
| 041 | 0 | _aeng | |
| 920 | _a83-85843-28-0 (pbk) | ||
| 942 | _cKS | ||
| 008 | s uk f |000 0 eng | ||
| 999 |
_c48116 _d48116 |
||